| 000 | 01519nam0a2200325 4500 | ||
|---|---|---|---|
| 001 | RU\NLR\bibl\498949 | ||
| 005 | 20250623201227.0 | ||
| 010 |
_a5-7135-0420-4 _93000 |
||
| 021 |
_aRU _b2004-3759 _9196 |
||
| 035 | _a(NLR Aleph) 000491562 | ||
| 090 |
_a1116904 _c1116904 |
||
| 100 | _a20040310d2003 |||y0rusy50 ca | ||
| 101 | 0 | _arus | |
| 102 | _aRU | ||
| 105 | _aa ||||||||| | ||
| 200 | 1 |
_aПамять. Долг. Ответственность _e[10-летию траг. гибели вице-премьера России, 1-го секретаря Челяб. обкома ВЛКСМ и секретаря Челяб. горкома КПСС В. П. Поляничко - посвящается _fРед.-сост. Александрович Ю. М., к.филос.н., д.социол.н., проф.] |
|
| 210 |
_aЧелябинск _cБудущее Отечества _d2003 |
||
| 215 |
_a111, [1] с., [8] л. цв. ил. _cил. _d21 |
||
| 600 | 1 |
_aПоляничко _bВ.П. _f1937 - 1993 _gВиктор Петрович _jВоспоминания, записки и т.п. _91556885 _3RU\NLR\auth\66981148 |
|
| 600 | 1 |
_aПоляничко _bВ. П. _f1937-1993 _gВиктор Петрович _2psbo |
|
| 686 | _aТ3(2)74-8,013 | ||
| 686 | _aФ75(2)18,013 | ||
| 702 | 1 |
_aАлександрович _bЮ. М. _f1941- _gЮрий Михайлович _4220 |
|
| 801 | 0 |
_aRU _bNLR _c20040310 _gPSBO |
|
| 801 | 1 |
_aRU _bNLR _c20040310 |
|
| 942 | _cBOOK | ||
| 980 | _aNB | ||
| 980 | _aNBR | ||